000 00445nam a2200169Ia 4500
005 20250508164309.0
008 008 250505s9999 xx 000 0 eng d
020 _a0971-9008
037 _aPeriodicals
040 _aFEDL
_beng
_cFEDL
041 _aeng
_2eng
084 _qFEDL
245 0 _aStaff and educational development international
546 _aISSN 0971-9008;; I G N O U, New Delhi
942 _cCR
999 _c1388201
_d1388201